[Event "BRA-ch 90th"]
[Site "Natal"]
[Date "2024.12.19"]
[Round "9"]
[White "Lopes, Francisco Bernadino"]
[Black "De Araujo, Matheus Guilherme C"]
[Result "1-0"]
[WhiteElo "1579"]
[BlackElo "1686"]
[PlyCount "65"]
[EventDate "2024.12.13"]
[EventType "swiss"]
[EventRounds "11"]
[EventCountry "BRA"]
[SourceTitle "CB52_2024"]
[SourceDate "2024.12.25"]
[SourceVersion "1"]
[SourceVersionDate "2024.12.25"]
[SourceQuality "1"]

1. e4 c5 2. Nf3 d6 3. Bc4 Nf6 4. Nc3 a6 5. h3 Nc6 6. a3 e5 7. Ng5 Be6 8. Nxe6 fxe6 9. Bxe6 b5 10. d3 Nd4 11. Ba2 Rc8 12. 0-0 c4 13. f4 Be7 14. fxe5 dxe5 15. Ne2 Bc5 16. Kh2 h6 17. Nxd4 Bxd4 18. Qe2 Qc7 19. c3 Ba7 20. Be3 Bxe3 21. Qxe3 0-0 22. Rad1 Qd7 23. Rd2 Kh7 24. Rfd1 Rfd8 25. d4 exd4 26. Rxd4 Qe7 27. Bb1 Rd7 28. Rxd7 Nxd7 29. Rd5 Re8 30. Qd4 Rd8 31. e5+ Kg8 32. Bf5 Rf8 33. Bxd7 1-0

[Event "BRA-ch 90th"]
[Site "Natal"]
[Date "2024.12.13"]
[Round "2"]
[White "De Araujo, Matheus Guilherme C"]
[Black "Morais, Benjamin Guedes"]
[Result "0-1"]
[WhiteElo "1686"]
[BlackElo "1642"]
[PlyCount "94"]
[EventDate "2024.12.13"]
[EventType "swiss"]
[EventRounds "11"]
[EventCountry "BRA"]
[SourceTitle "CB52_2024"]
[SourceDate "2024.12.25"]
[SourceVersion "1"]
[SourceVersionDate "2024.12.25"]
[SourceQuality "1"]

1. e4 c6 2. Nf3 d5 3. Nc3 dxe4 4. Nxe4 Nd7 5. Bc4 Ngf6 6. Ng3 e6 7. d3 h6 8. Ne4 Be7 9. Bf4 Nxe4 10. dxe4 0-0 11. Qd2 Nb6 12. Bb3 Qxd2+ 13. Bxd2 Bf6 14. Bc3 Bxc3+ 15. bxc3 a5 16. Ne5 a4 17. Bc4 Nxc4 18. Nxc4 b5 19. Nd6 Rd8 20. e5 Ba6 21. 0-0 b4 22. c4 c5 23. Rfd1 Rab8 24. Rab1 Rd7 25. h3 Rbd8 26. Rd2 Bxc4 27. Ra1 a3 28. Rdd1 f6 29. f4 g5 30. g3 h5 31. h4 g4 32. Re1 Bd5 33. Re2 c4 34. Re3 f5 35. c3 b3 36. axb3 cxb3 37. c4 b2 38. Rexa3 bxa1Q+ 39. Rxa1 Be4 40. Rc1 Rxd6 41. exd6 Rxd6 42. c5 Rc6 43. Kf2 Kf7 44. Ke3 Ke7 45. Kd4 Ra6 46. Ke5 Ra2 47. c6 Rd2 0-1

[Event "BRA-ch 90th"]
[Site "Natal"]
[Date "2024.12.13"]
[Round "1"]
[White "Fontoura, Alexandre Souza"]
[Black "De Araujo, Matheus Guilherme C"]
[Result "1-0"]
[WhiteElo "1884"]
[BlackElo "1686"]
[PlyCount "48"]
[EventDate "2024.12.13"]
[EventType "swiss"]
[EventRounds "11"]
[EventCountry "BRA"]
[SourceTitle "CB52_2024"]
[SourceDate "2024.12.25"]
[SourceVersion "1"]
[SourceVersionDate "2024.12.25"]
[SourceQuality "1"]

1. c4 e5 2. g3 Bc5 3. Bg2 Nf6 4. e3 Nc6 5. Ne2 0-0 6. 0-0 d6 7. d4 exd4 8. exd4 Nxd4 9. Nxd4 Bg4 10. Qd3 Re8 11. Nc3 c6 12. Be3 Bb6 13. Nc2 h6 14. Rae1 Qd7 15. Bxb6 axb6 16. Ne3 Bh3 17. Rd1 Red8 18. Rd2 Bxg2 19. Kxg2 Ra5 20. Rfd1 Ne8 21. Qe2 Qe6 22. Nc2 Qf5 23. Nd4 Qe5 24. f4 Qf6 1-0